000 00682nam a2200205Ii 4500
003 JO-AjNU
008 230605s9999||||xx |||||||||||||| ||und||
017 _a1990/282
040 _aJO-AjNU
_bara
_erda
_cJO-AjNU
041 _aara
050 1 4 _aLB3044.M8834 1990
100 3 _aعلي، موفق حياوي ,
_eauthor
_939245
245 0 0 _aأسس التقنيات التربوية الحديثة و إستخداماتها
264 3 1 _aبغداد:مديرية دار الكتب،1990
300 _a176ص
336 _atext
_btxt
_2rdacontent
337 _aunmediated
_bn
_2rdamedia
338 _avolume
_bnc
_2rdacarrier
650 4 _aتربية وتعليم-تقنيات
_939246
999 _aA16559
_c20127
_d20127